Guess The Album Cover Taylor Swift - Statistics

General Stats
  • This quiz has been taken 138 times
  • The average score is 11 of 11
Answer Stats
Picture Answer % Correct
1989
99%
Red
98%
Folklore
97%
Lover
97%
Reputation
97%
Taylor Swift
97%
Evermore
96%
Midnights
96%
Speak Now
96%
Fearless
95%
The Tortured Poets Department
93%
No matching quizzes found
Score Distribution
Percent of People with Each Score
Percentile by Number Answered
Your Score History
You have not taken this quiz